000 00906nam a22003257a 4500
003 URS
005 20251022142534.0
008 251007b ||||| |||| 00| 0 eng d
020 _a978-621-08-0051-7
040 _cURS
050 _aNX440
_b.Ar784 2024
100 _aAdajar, Carthelyn C.
245 _aArt Appreciation
250 _a2024 Edition
264 _aMalabon City
_bMutya Publishing House Inc.
_c©2024
300 _a311 pages.,:
_c26 cm.
336 _2rdacontent
_atext
337 _2rdamedia
_aunmediated
338 _2rdacarrier
_avolume
650 0 _aArt appreciation
700 _aCorbita, Dennis P.
700 _aSavior, Hobart P.
700 _aMaquiling, Andrews
700 _aSario, Lumin Christy A.
700 1 _aGallinero, Winston B.,
700 _aMaraviles, Jackylou H.
700 _aRelacion, April Farell M.
700 _aLogronio, Maureen A.
942 _2lcc
_cF
999 _c88337
_d88334